Statistics for New Zealand Rugby All Blacks - Born in Fiji

Click here to take the quiz!

General Stats

  • This quiz has been taken 151 times
    (19 since last reset)
  • The average score is 4 of 7

Answer Stats

Tests Player % Correct
68Joe Rokocoko
88%
45Sitiveni Sivivatu
88%
1Sevu Reece
69%
2Joeli Vidiri
50%
26Waisake Naholo
44%
23Bernie Fraser
44%
3Seta Tamanivalu
13%

Score Distribution

Percentile by Number Answered

Percent of People with Each Score

Your Score History

You have not taken this quiz since the last reset